| 000 | 00866cab a2200253 4500 | ||
|---|---|---|---|
| 001 | ABS58880 | ||
| 008 | 090401t1998 xxu||||| |||| 00| 0 eng d | ||
| 035 | _a(Sirsi) u87038 | ||
| 041 | _aeng | ||
| 245 | _aParking for property | ||
| 260 | _c1998 | ||
| 350 | _a0 | ||
| 490 |
_aProperty Forecast _v1(3) June 1998, 4-5(2) |
||
| 520 | _aConsiders the potential for developing car park sites in view of the levelling out of income stream from car parking. Discusses the main car parking players, the economics of car parking construction and operation and, current public policy. | ||
| 650 | _aBROWNFIELD SITES | ||
| 650 | _aCAR PARK OPERATORS | ||
| 650 | _aBUILT ENVIRONMENT | ||
| 650 | _aINCOME STREAM | ||
| 650 | _aNATIONAL PARKING CORPORATION | ||
| 650 | _aOPERATION | ||
| 690 | _aPROPERTY-PROPERTY DEVELOPMENT | ||
| 942 | _n0 | ||
| 948 | _c25/06/1998 | ||
| 999 |
_c54836 _d54836 |
||